Serial Publication 3rd Edition (Record no. 245842)

000 -LEADER
fixed length control field 00322 a2200133 4500
001 - CONTROL NUMBER
control field 10769
082 ## - DEWEY DECIMAL CLASSIFICATION NUMBER
Classification number 025.173 OSB
090 ## - LOCALLY ASSIGNED LC-TYPE CALL NUMBER (OCLC); LOCAL CALL NUMBER (RLIN)
-- 8362
-- 8362
100 ## - MAIN ENTRY--PERSONAL NAME
Personal name Osborn, A, D.
245 ## - TITLE STATEMENT
Title Serial Publication 3rd Edition
Medium English
250 ## - EDITION STATEMENT
Edition statement 3
260 ## - PUBLICATION, DISTRIBUTION, ETC.
Place of publication, distribution, etc. Chicago
Name of publisher, distributor, etc. American Library Association
Date of publication, distribution, etc. 1980
300 ## - PHYSICAL DESCRIPTION
Extent 487p
942 ## - ADDED ENTRY ELEMENTS (KOHA)
Institution code [OBSOLETE] NUST-CAE
Call number prefix 025.173 OSB
Holdings
Withdrawn status Lost status Damaged status Not for loan Collection code Permanent Location Current Location Date acquired Total Checkouts Full call number Barcode Date last seen Price effective from Koha item type
          College of Aeronautical Engineering (CAE) College of Aeronautical Engineering (CAE) 04/03/2017   025.173 OSB CAE52326 04/05/2017 04/05/2017 Book
© 2023 Central Library, National University of Sciences and Technology. All Rights Reserved.